UBT Library

Paintings in the Musée d'Orsay / (Record no. 44114)

000 -LEADER
fixed length control field 00708cam a2200241 a 4500
001 - CONTROL NUMBER
control field 4838196
005 - DATE AND TIME OF LATEST TRANSACTION
control field 20180306032219.0
008 - FIXED-LENGTH DATA ELEMENTS--GENERAL INFORMATION
fixed length control field 900131s1986 enka 001 0 eng
010 ## - LIBRARY OF CONGRESS CONTROL NUMBER
LC control number 90111642
020 ## - INTERNATIONAL STANDARD BOOK NUMBER
International Standard Book Number 0935748725 (US)
020 ## - INTERNATIONAL STANDARD BOOK NUMBER
International Standard Book Number 0856672289 (UK)
040 ## - CATALOGING SOURCE
Original cataloging agency DLC
Transcribing agency DLC
Modifying agency DLC
041 1# - LANGUAGE CODE
Language code of text/sound track or separate title eng
043 ## - GEOGRAPHIC AREA CODE
Geographic area code e-fr---
080 ## - UNIVERSAL DECIMAL CLASSIFICATION NUMBER
Universal Decimal Classification number 759.05
082 00 - DEWEY DECIMAL CLASSIFICATION NUMBER
Classification number 759.05 LAC
Edition number 20
100 ## - Rafti
Rafti 45
101 ## - Shkurtesa
Shkurtesa ART
245 10 - TITLE STATEMENT
Title Paintings in the Musée d'Orsay /
Statement of responsibility, etc Michel Laclotte ... [et al.] ; preface by Françoise Cachin.
906 ## - LOCAL DATA ELEMENT F, LDF (RLIN)
a 7
b cbc
c orignew
d 3
e ncip
f 19
g y-gencatlg
942 ## - ADDED ENTRY ELEMENTS (KOHA)
Source of classification or shelving scheme
Item type Books
Holdings
Withdrawn status Lost status Source of classification or shelving scheme Damaged status Not for loan Collection code Permanent location Current location Shelving location Date acquired Total Checkouts Full call number Barcode Date last seen Price effective from Koha item type
          Koleksioni i përgjithshem UBT - Lipjan UBT - Lipjan Koleksioni i përgjithshem 03/06/2018   759.05 LAC 002-3001280 03/06/2018 03/06/2018 Books
UBT Library © 2015-2024. All rights reserved University Education for Business and Technology